LEADER 00799nam a2200205 i 4500 001 000000219600 003 CaOOAMICUS 005 20130402000000.0 008 130402n it u000 u ita u 013 $a198497 040 $aSeMil$bita 245 10$aSermoni liturgici su Quaresima, Pasqua e Pentecoste. 300 $aXXXVI, 76 p. 490 0 $aClassici cristiani 773 0 $tSermoni di S. Massimo di Torino.$dCasale Monferrato (AL) : Piemme, 1985.$kClassici cristiani$g2$w()28308 830 0$aClassici cristiani.$0(OLS)http://semarc/title/38413 850 $aSeMil 852 $aSeMil$W1$xVenegono$y1$m2S II 328$j169961$B169961$CSeMilBibl$Z2$F180876 $81 961 $aLascito: Presbitero, Silvana 996 $6245$aSermoni liturgici su Quaresima, Pasqua e Pentecoste$9(OLS)http://semarc/title/315033 LEADER 00976nam a2200241 i 4500 001 000000228407 003 CaOOAMICUS 005 20140326000000.0 008 140326s2011 it u000 u ita u 013 $a207309 020 $a978-88-311-6508-2 040 $aSeMil$bita 100 1 $aPetrocchi, Giuseppe .$0(OLS)http://semarc/name/93952 245 10$aDiventare se stessi :$bprepararsi al Natale /$cGiuseppe Petrocchi. 260 $aRoma :$bCittà Nuova,$c2011. 300 $a91 p. ;$c19 cm. 650 4$aNatale - Meditazioni.$0(OLS)http://semarc/subject/7608 850 $aSeMil 852 $aSeMil$W1$xVenegono$y1$m3F IV 507$j178753$B178753$CSeMilBibl$Z2$F189954 $81 961 $aOmaggio: Scola Card. Angelo 996 $6020$a978-88-311-6508-2$9(OLS)http://semarc/number/230472 996 $6245$aDiventare se stessi :$bprepararsi al Natale$9(OLS)http://semarc/title/326944 996 $6260$aRoma :$bCittà Nuova$9(OLS)http://semarc/publisher/29609